ბათუმის შოთა რუსთაველის სახელმწიფო უნივერსიტეტის ბიბლიოთეკა

Расчет железобетонных конструкций с учетом влияния усадки и ползучести бетона. (ბიბ.ჩანაწერი № 42564)

000 -LEADER
fixed length control field 00795nam a2200217Ia 4500
001 - CONTROL NUMBER
control field 9263
003 - CONTROL NUMBER IDENTIFIER
control field GE_BSU
008 - FIXED-LENGTH DATA ELEMENTS--GENERAL INFORMATION
fixed length control field 181216s||||||||xx |||||||||||||| ||und||
040 ## - CATALOGING SOURCE
Transcribing agency GE_BSU
080 ## - UNIVERSAL DECIMAL CLASSIFICATION NUMBER
Universal Decimal Classification number 624.012.43(075.8)
100 ## - MAIN ENTRY--PERSONAL NAME
Personal name Лившиц,Я.Д.
245 ## - TITLE STATEMENT
Title Расчет железобетонных конструкций с учетом влияния усадки и ползучести бетона.
245 ## - TITLE STATEMENT
Statement of responsibility, etc. Ред. Д.М.Косницер, А.Л.Рожавина.
260 ## - PUBLICATION, DISTRIBUTION, ETC.
Place of publication, distribution, etc. Киев.
260 ## - PUBLICATION, DISTRIBUTION, ETC.
Name of publisher, distributor, etc. Высш. школа.
260 ## - PUBLICATION, DISTRIBUTION, ETC.
Date of publication, distribution, etc. 1971.
300 ## - PHYSICAL DESCRIPTION
Extent 231 стр.
300 ## - PHYSICAL DESCRIPTION
Accompanying material табл.
653 ## - INDEX TERM--UNCONTROLLED
Uncontrolled term Расчет железобетонных конструкций с учетом влияния усадки и ползучести бетона.
942 ## - ADDED ENTRY ELEMENTS (KOHA)
Koha item type წიგნი
ეგზემპლარები
Withdrawn status Lost status Damaged status Not for loan Date acquired Barcode Date last seen Price effective from Koha item type
        2018-12-17 10127 2018-12-17 2018-12-17 წიგნი